|
|
|
|
| LEADER |
01193nam a2200337 a 4500 |
| 001 |
38986 |
| 003 |
BD-DhAAL |
| 005 |
20220621161432.0 |
| 008 |
220621t1977 nyu b 001 0 eng d |
| 999 |
|
|
|c 44427
|d 44427
|
| 020 |
|
|
|a 9780387902449
|
| 020 |
|
|
|a 0387902449
|
| 020 |
|
|
|a 3540902419
|
| 035 |
|
|
|a 710658
|
| 040 |
|
|
|a LC
|b eng
|c LC
|d WLB
|d BD-DhAAL
|
| 050 |
0 |
0 |
|a QA564
|b .H25
|
| 082 |
0 |
4 |
|a 516.35
|
| 100 |
1 |
|
|a Hartshorne, Robin.
|9 49557
|
| 245 |
1 |
0 |
|a Algebraic geometry /
|c Robin Hartshorne.
|
| 260 |
|
|
|a New York :
|b Springer,
|c c1977.
|
| 300 |
|
|
|a xvi, 496 pages ;
|c 25 cm.
|
| 490 |
1 |
|
|a Graduate texts in mathematics ;
|v 52
|
| 504 |
|
|
|a Includes bibliographical references (pages 459-469) and index.
|
| 526 |
|
|
|a MNS
|
| 541 |
|
|
|a Book Finder International
|e 38986
|
| 650 |
|
0 |
|a Geometry, Algebraic.
|9 49558
|
| 650 |
|
0 |
|a Mathematics.
|9 49559
|
| 830 |
|
0 |
|a Graduate texts in mathematics ;
|v 52.
|9 49560
|
| 852 |
|
|
|a Ayesha Abed Library
|c General Stacks
|
| 942 |
|
|
|2 ddc
|c BK
|
| 952 |
|
|
|0 0
|1 0
|2 ddc
|4 0
|6 516_350000000000000_HAR
|7 0
|9 71062
|a BRACUL
|b BRACUL
|c GEN
|d 2022-06-19
|e Book Finder International
|g 3687.49
|l 1
|m 2
|o 516.35 HAR
|p 3010038986
|r 2025-11-20
|s 2025-11-15
|t 1
|v 3687.49
|w 2022-06-19
|y BK
|